| 000 | 00456nam a2200205Ia 4500 | ||
|---|---|---|---|
| 003 | 0100 | ||
| 008 | 130303s9999 xx 000 0 und d | ||
| 020 | _a0299086607 | ||
| 040 | _cARRUPELIB | ||
| 050 | _aB398.K7M641981 | ||
| 100 | _aMoline, Jon | ||
| 245 | _aPlato's Theory of Understanding | ||
| 260 | _aWisconsin | ||
| 260 | _bWisconsin Press | ||
| 260 | _C1981 | ||
| 300 | _a255p. | ||
| 300 | _b 23cm | ||
| 650 | _aPHILOSOPHY | ||
| 942 | 0 | 0 | _01 |
| 999 |
_c25877 _d25877 |
||